000 00916nam a2200229 a 4500
005 20210420113429.0
008 120830s2003 nju |||gr|||| 00| 0 eng d
020 _a9780691114026
040 _aCO-BoUCM
_bspa
_cDeissy Garcia
_dDeissy Garcia
041 0 _aeng
245 0 0 _aGovernance in a global economy
_bpolitical authority in transition
_cedición Miles Kahler, David A. Lake
260 _aPrinceton, Nueva Jersey
_bPrinceton University Press
_c2003
300 _axi, 498 páginas
504 _aIncluye referencias bibliográficas e índices
650 7 _916474
_aGobierno corporativo
650 7 _aGlobalización
_xAspectos políticos
_954179
650 7 _aEmpresas comerciales internacionales
_xPolítica gubernamental
_9103100
700 _992331
_aLake, David A.
_d1956-
700 _951333
_aKahler, Miles
_d1949-
942 _cLIBRO
_2DEWEY
_a6
_e1
_h327.1
_mG721
_n0
999 _c318589
_d318589